Rozprávky a peniaze

O motivácii, vzorcoch správania, výchove a potrebe finančného vzdelávania prostredníctvom rozprávok.

Salvato in:
Dettagli Bibliografici
Autore principale: Škriniar, Pavel, 1979-
Natura: Capitolo di libro
Lingua:slovacco
Soggetti:
Tags: Aggiungi Tag
Nessun Tag, puoi essere il primo ad aggiungerne!!

MARC

LEADER 00000naa a2200000 4500
001 0198604
005 20240502073345.5
041 0 |a slo 
044 |a SK 
245 1 0 |a Rozprávky a peniaze  |c Pavel Škriniar 
520 |a O motivácii, vzorcoch správania, výchove a potrebe finančného vzdelávania prostredníctvom rozprávok. 
610 2 0 |a peniaze 
610 2 0 |a financie 
610 2 0 |a vzdelávanie 
100 1 |a Škriniar, Pavel, 1979-